MESTSKÁ KNIŽNICA GIRALTOVCE  - online katalóg 

Preslávili Slovensko (Record no. 18743)

000 -NÁVESTIE
fixed length control field 00913nam a2200277 a 4500
008 - ÚDAJE S PEVNOU DĹŽKOU – VŠEOBECNÉ INFORMÁCIE
fixed length control field 951030s1991||||[C 0 slo c
020 ## - MEDZINÁRODNÉ ŠTANDARDNÉ ČÍSLO KNIHY (ISBN)
Medzinárodné štandardné číslo knihy (ISBN) 8090045537
Údaje o dostupnosti 15
040 ## - ZDROJ KATALOGIZÁCIE
Pôvodná katalogizujúca agentúra SNK
Jazyk katalogizácie slo
Prepisujúca agentúra SNK
Konvencie popisu AACR2
041 1# - KÓD JAZYKA
Kód jazyka textu/zvukovej stopy alebo samostatných nápisov slo
Kód jazyka originálu a/alebo sprostredkujúcich prekladov textu slo
044 ## - KÓD KRAJINY VYDAVATEĽA/PRODUCENTA
Kód krajiny MARC xo
Kód krajiny ISO SK
080 ## - ČÍSLO MEDZINÁRODNÉHO DESATINNÉHO TRIEDENIA (MDT)
Číslo Medzinárodného desatinného triedenia (MDT) 796-051(437.6):929
080 ## - ČÍSLO MEDZINÁRODNÉHO DESATINNÉHO TRIEDENIA (MDT)
Číslo Medzinárodného desatinného triedenia (MDT) 929
080 ## - ČÍSLO MEDZINÁRODNÉHO DESATINNÉHO TRIEDENIA (MDT)
Číslo Medzinárodného desatinného triedenia (MDT) 929
100 1# - OSOBNÉ MENÁ – VŠEOBECNÉ INFORMÁCIE
Osobné meno Mráz, Igor
Kód roly aut
245 10 - NÁZOV
Názov Preslávili Slovensko
Údaj o zodpovednosti atď. Igor Mráz ; Dušan Koutný, Peter Pospíšil, Ján Géci, Jaromír Polák, František Mayer
250 ## - ÚDAJ O PORADÍ VYDANIA
Údaj o poradí vydania 1., vyd.
260 ## - VYDAVATEĽSKÉ ÚDAJE, DISTRIBÚCIA ATĎ.
Miesto publikovania, distribúcie atď. Bratislava
Názov vydavateľa, distibútora atď. S-GLÓBUS
Dátum publikovania, distribúcie atď. 1991
Miesto výroby Bratislava
Výrobca Danubiaprint
300 ## - FYZICKÝ POPIS
Rozsah 179 s.
Rozmery 21 cm
500 ## - VŠEOBECNÁ POZNÁMKA
Formátovaná poznámka o obsahu Lit. 15. Publ. vznikla v spolupráci s Olympijskou spoločnosťou Slovenska. 15 zázn. v slov. a češ.
700 1# - PRIDANÝ VSTUP – OSOBNÉ MENO
Osobné meno Koutný, Dušan
Kód roly bkd
700 1# - PRIDANÝ VSTUP – OSOBNÉ MENO
Osobné meno Pospíšil, Peter
Kód roly bkd
700 1# - PRIDANÝ VSTUP – OSOBNÉ MENO
Osobné meno Géci, Ján
Kód roly bkd
700 1# - PRIDANÝ VSTUP – OSOBNÉ MENO
Osobné meno Polák, Jaromír
Kód roly bkd
700 1# - PRIDANÝ VSTUP – OSOBNÉ MENO
Osobné meno Mayer, František
Kód roly bkd
958 ## - Formálny deskriptor
Formálny deskriptor A
Holdings
Stav stiahnutia (Blokovanie) (Withrawn status) Stav straty Zdroj klasifikácie pre skladovanie Stav poškodenia (Damaged status) Nie pre výpožičky (Not for loan) Spôsob nadobudnutia (Collection code) Trvalé umiestnenie Aktuálne umiestnenie Dátum nadobudnutia Náklady, bežná kúpna cena Inventárne číslo (prírastkové číslo) Celkom výpožičky Full call number Čiarový kód Dátum posledného výskytu Dátum poslednej výpôžičky Cena s účinnosťou od Typ jednotky Koha
          Kúpa Mestská knižnica Giraltovce Mestská knižnica Giraltovce 2019-11-29 15.00 17363 1 I1070 I1070 2020-06-16 2020-06-01 2019-11-29 Odborná literatúra pre dospelých

Powered by Koha